000 00959nam a22002297a 4500
005 20240313082944.0
008 220128s1870 fr a|||gr|||| 00| 0 fre d
040 _aCO-BoUCM
_bspa
_cDeissy Garcia
_dDeissy Garcia
041 0 _afre
060 _aQT 104
100 1 _9173057
_aBéclard, Jules Auguste
_d1817-1887
245 1 0 _aTraité élémentaire de physiologie humaine
_bcomprenant les principales notions de la phisiologie comparée
_cJ. Béclard
250 _a6a.Ed.
260 _aParís
_bLabé
_c1870
300 _axiii, [44] 1256 páginas
_bilustraciones
500 _aTransferencia al Archivo Histórico en marzo de 2024. Investigación Emilio Quevedo, historiador de la medicina colombiana.
504 _aIncluye referencias bibliográficas e índices
650 7 _aFisiología
_915925
650 7 _915943
_aFisiología humana
650 7 _aCuerpo humano
_xAspectos fisiológicos
_9173059
942 _2NLM
_a15
_cLIBRO
_e6
_hQT 104
_mB397t
_n0
999 _c320417
_d320417